Responses for Show #1948 - Wednesday, February 10, 1993

Contestants

[<< previous game]

Steve Weisman, a rabbi from Fredericksburg, Virginia

Susie Macksey, a stand-up comic from Cambridge, Massachusetts

Ellen Miele, a tutor from Voorhees, New Jersey (whose 1-day cash winnings total $9,200)

[next game >>]

Jeopardy! Round responses

WORLD FACTS
LE CINEMA SCHWARZENEGGER
HORSES
LIBRARIES
EDIBLE PHRASES
LEFTOVERS
    $100 12
Reykjavik

Steve
    $100 6
The Terminator

Susie
    $100 24
Shetland pony

Steve
    $100 19
(Steve: What is Georgia?)

Maine

SusieSteve
    $100 1
cake

Ellen
    $100 8
turkey

Susie
    $200 13
dates

Steve
    $200 7
Danny DeVito

Steve
    $200 27
Tennessee Walker

Ellen
    $200 20
Yale

Ellen
    $200 2
cucumber

Susie
    $200 17
heaven

Susie
    $300 14
Anne Frank

Ellen
    $300 9
Kindergarten Cop

Susie
    $300 28
Arabian

Susie
    $300 21
Baltimore

Susie
    $300 3
sauce for the gander

Susie
    $300 18
Socrates

Ellen
    $400 15
subway

Steve
    $400 10
(Susie: Who is...)

Sharon Stone

Susie
Triple Stumper
    $400 29
Lipizzaner Stallions

Ellen
    $400 22
Rochester, Minnesota

Ellen
    $400 4
the mustard

Susie
    $400 25
Windermere

Susie
    $500 16
(Ellen: What is San Remo?)

San Marino

EllenSteve
    $500 11
Pumping Iron

Ellen
    $500 30
(Steve: What is Italy?)

Portugal

SusieSteve
    $1,300 23
University of Mississippi

Ellen
    $500 5
mincemeat

Susie
    $500 26
King Solomon & the Queen of Sheba

Steve

Scores at the first commercial break (after clue 14):

Ellen Susie Steve
$900 $1,500 $500

Scores at the end of the Jeopardy! Round:

Ellen Susie Steve
$3,200 $3,300 $1,400

Double Jeopardy! Round responses

ASTRONOMY
BUSINESS PARTNERS
CLASSICAL MUSIC
HISTORY
REJECTED
"W"RITERS
    $200 9
Jupiter

Ellen
    $200 18
(Adolphus) Busch

Ellen
    $200 3
Wagner

Ellen
    $200 7
Poland

Ellen
    $200 1
Declaration of Independence

Susie
    $200 21
H.G. Wells

Susie
    $400 10
comet

Steve
    $400 19
Marcus

Ellen
    $400 4
Chopin

Ellen
    $400 14
(Ellen: What is Vietnam?)
(Steve: What is Laos?)

Cambodia

EllenSusieSteve
    $400 2
Narcissus

Ellen
    $400 22
Joe Wambaugh

Steve
    $600 11
black holes

Steve
    $600 20
Wesson

Steve
    $600 5
Verdi

Susie
    $600 15
Sweden

Ellen
    $2,000 28
[end-of-round signal sounds]

(David) Livingstone

Susie
    $600 23
E.B. White

Ellen
    $800 12
Southern cross

Ellen
    $800 24
Black & Decker

Steve
    $800 6
(Ellen: What is Prague?)
(Susie: What is Vienna?)
(Steve: What is Salzburg?)

Budapest

EllenSusieSteve
Triple Stumper
    $1,000 16
(Ellen: What is Pharaoh?)

Ptolemy

Ellen
    $800 25
Robert Penn Warren

Susie
    $1000 13
Pleiades

Steve
    $1000 27
(Steve: Who was Whitney?)

Rubicam

SusieSteve
    $1000 8
Vivaldi

Triple Stumper
    $1000 17
(Ellen: What are the Hapsburgs?)

Carolingian

Ellen
Triple Stumper
    $1000 26
(Alex: Less than a minute to go.)

Evelyn Waugh

Triple Stumper

Scores at the end of the Double Jeopardy! Round:

Ellen Susie Steve
$4,000 $7,700 $3,000

[wagering suggestions for these scores]

Final Jeopardy! Round responses

NEWSPAPERS
SteveWhat is the Nat'l Enquirer?
$2,995
EllenWhat is NY Tiems
$3,900
SusieWhat is Fortune
$1,000
The Wall Street Journal

Final scores:

Ellen Susie Steve
$100 $6,700 $5
2nd place: Lloyd Flanders wicker furniture & Flute lamps New champion: $6,700 3rd place: Braun kitchen appliances + Jeopardy! & Wheel of Fortune video games for the Super NES & Sega Genesis

Game dynamics:

Coryat scores:

Ellen Susie Steve
$4,200 $6,300 $3,000
19 R
(including 1 DD),
5 W
(including 1 DD)
20 R
(including 1 DD),
2 W
13 R,
5 W

Combined Coryat: $13,500

[game clues] [game scores] [suggest correction]

Game tape date: 1992-11-09
The J! Archive is created by fans, for fans. Scraping, republication, monetization, and malicious use prohibited; this site may use cookies and collect identifying information. See terms. The Jeopardy! game show and all elements thereof, including but not limited to copyright and trademark thereto, are the property of Jeopardy Productions, Inc. and are protected under law. This website is not affiliated with, sponsored by, or operated by Jeopardy Productions, Inc. Join the discussion at JBoard.tv.